MARC

LEADER 00000nam0a2200000 4500
001 243640
005 20231101232003.0
035 |a (RuTPU)RU\TPU\book\264990 
090 |a 243640 
100 |a 20131002d1974 m y0rusy50 ca 
101 0 |a rus 
102 |a RU 
105 |a a z 001zy 
200 1 |a Тарифы и режимы электропотребления  |f В. В. Михайлов 
210 |a Москва  |c Энергия  |d 1974 
215 |a 129 с.  |c ил. 
320 |a Библиогр.: с. 127-128. 
606 1 |a Электрическая энергия  |x Тарифы  |2 stltpush  |3 (RuTPU)RU\TPU\subj\26895  |9 50729 
610 1 |a режимы 
610 1 |a виды 
610 1 |a оптимизация 
610 1 |a учет 
610 1 |a системы 
610 1 |a устройства 
675 |a 621.311.003.1  |v 3 
700 1 |a Михайлов  |b В. В.  |g Врам Ваграмович 
801 1 |a RU  |b 63413507  |c 20131002 
801 2 |a RU  |b 63413507  |c 20210329  |g RCR 
942 |c BK